[Event "US Open-111"]
[Site "Irvine"]
[Date "2010.08.05"]
[Round "?"]
[White "Banawa, Joel Cholo"]
[Black "Nagaran, Michael"]
[Result "1-0"]
[WhiteElo "2345"]
[BlackElo "2048"]
[PlyCount "61"]
[EventDate "2010.07.31"]
[EventType "swiss"]
[EventRounds "9"]
[EventCountry "USA"]
[SourceTitle "CBM 137 Extra"]
[Source "ChessBase"]
[SourceDate "2010.09.01"]
[SourceVersion "1"]
[SourceVersionDate "2010.09.01"]
[SourceQuality "1"]

1. d4 d5 2. c4 e6 3. Nf3 c5 4. cxd5 exd5 5. Nc3 Nc6 6. g3 Nf6 7. Bg2 Be7 8. 0-0 0-0 9. Bg5 cxd4 10. Nxd4 h6 11. Be3 Re8 12. Rc1 Bg4 13. h3 Be6 14. Nxc6 bxc6 15. Na4 Qd7 16. Kh2 Bf5 17. Bd4 Ne4 18. e3 Rac8 19. Nc5 Nxc5 20. Bxc5 Bd8 21. Qa4 Bb6 22. Rfd1 Qe6 23. Qd4 Rb8 24. b4 Be4 25. a3 Qf5 26. f3 Bc2 27. e4 dxe4 28. Rxc2 Rbd8 29. Qg1 exf3 30. Rxd8 Bxd8 31. Qf2 1-0

[Event "North County CC op 199th"]
[Site "San Diego"]
[Date "2006.01.06"]
[Round "2"]
[White "Boyd, James"]
[Black "Nagaran, Michael"]
[Result "0-1"]
[WhiteElo "1752"]
[BlackElo "2026"]
[PlyCount "52"]
[EventDate "2006.12.09"]
[EventType "swiss"]
[EventRounds "5"]
[EventCountry "USA"]
[SourceTitle "EXT 2009"]
[Source "ChessBase"]
[SourceDate "2008.11.26"]
[SourceVersion "1"]
[SourceVersionDate "2008.11.26"]
[SourceQuality "1"]

1. e4 c5 2. Nc3 Nc6 3. d3 g6 4. Be3 d6 5. f4 Bg7 6. Qd2 Nf6 7. h3 Nh5 8. Nge2 Nd4 9. g4 Nxe2 10. Nxe2 Nf6 11. Ng3 Qb6 12. g5 Qxb2 13. Qd1 Nxe4 14. Rb1 Qc3+ 15. Bd2 Nxd2 16. Qxd2 Qa3 17. Kf2 Bd4+ 18. Ke2 Bc3 19. Qd1 Qxa2 20. Bg2 Qe6+ 21. Kf1 Qe3 22. Ne2 Bd4 23. Qe1 0-0 24. c3 Bg7 25. Bxb7 Bxb7 26. Rxb7 Qf3+ 0-1

[Event "North County CC op 197th"]
[Site "San Diego"]
[Date "2005.10.14"]
[Round "5"]
[White "Sullivan, Greg"]
[Black "Nagaran, Michael"]
[Result "1/2-1/2"]
[WhiteElo "1806"]
[BlackElo "2049"]
[PlyCount "142"]
[EventDate "2005.09.16"]
[EventType "swiss"]
[EventRounds "5"]
[EventCountry "USA"]
[SourceTitle "EXT 2009"]
[Source "ChessBase"]
[SourceDate "2008.11.26"]
[SourceVersion "1"]
[SourceVersionDate "2008.11.26"]
[SourceQuality "1"]

1. d4 d5 2. c4 dxc4 3. Nc3 a6 4. a4 e5 5. d5 Nf6 6. e4 Bb4 7. Qc2 c6 8. Bd2 0-0 9. Bxc4 Bxc3 10. Bxc3 cxd5 11. exd5 Qc7 12. Bb3 Bg4 13. Ne2 Nbd7 14. 0-0 Bh5 15. Ng3 Bg6 16. Qe2 Rfe8 17. Rac1 Rac8 18. Rfd1 Qd6 19. a5 b5 20. axb6 Qxb6 21. Ba4 h5 22. h4 Red8 23. Qe1 Qa7 24. Ra1 Rc5 25. Bc6 Ng4 26. Ra5 Nb8 27. Rxc5 Qxc5 28. Bb4 Qa7 29. Ba4 Nd7 30. Nf1 Ndf6 31. Ne3 Nxe3 32. Qxe3 Qxe3 33. fxe3 Rxd5 34. Rxd5 Nxd5 35. Bc5 Bd3 36. Bc6 Nf6 37. Bf3 g6 38. Bc6 Bb5 39. Bf3 e4 40. Bd4 exf3 41. Bxf6 fxg2 42. Kxg2 Kf8 43. Kf3 Ke8 44. Kf4 Kd7 45. Ke5 Bc4 46. Kf4 Ke6 47. Bd4 Bd3 48. e4 Bc4 49. Bc3 Kd6 50. e5+ Kd5 51. Be1 Bd3 52. Bc3 Kc4 53. Be1 Bf5 54. Bc3 Kb5 55. b4 Be6 56. Bd2 Kc4 57. Be1 Kd3 58. Bf2 Bg4 59. Bc5 Kc4 60. Be7 Be6 61. Bd6 Kd5 62. Be7 Kc6 63. Bf8 Kd5 64. Be7 Kd4 65. Bd6 Kc4 66. Be7 Kd5 67. Bf8 Kc6 68. Be7 Kd7 69. Bc5 Bc4 70. Bf8 Ke6 71. Bg7 Bd3 1/2-1/2

[Event "North County CC op 196th"]
[Site "San Diego"]
[Date "2005.08.26"]
[Round "4"]
[White "Nelson, Tom"]
[Black "Nagaran, Michael"]
[Result "1-0"]
[WhiteElo "2110"]
[BlackElo "2049"]
[PlyCount "82"]
[EventDate "2005.08.05"]
[EventType "swiss"]
[EventRounds "5"]
[EventCountry "USA"]
[SourceTitle "EXT 2009"]
[Source "ChessBase"]
[SourceDate "2008.11.26"]
[SourceVersion "1"]
[SourceVersionDate "2008.11.26"]
[SourceQuality "1"]

1. d4 Nf6 2. c4 Nc6 3. Nc3 e5 4. dxe5 Nxe5 5. e3 Bb4 6. Bd2 0-0 7. a3 Bxc3 8. Bxc3 Re8 9. Nf3 Nxf3+ 10. gxf3 d5 11. Rg1 Bf5 12. cxd5 Bg6 13. Bb5 Re7 14. Bxf6 gxf6 15. Qd4 a6 16. Bd3 Rd7 17. Bxg6 fxg6 18. 0-0-0 c5 19. Qd2 b5 20. e4 b4 21. axb4 cxb4 22. Qxb4 Rb8 23. Qa3 Qc7+ 24. Kb1 Qe5 25. Rd2 f5 26. Re1 Rdb7 27. Ree2 Rb3 28. Qxa6 R3b6 29. Qc4 Rb4 30. Qc6 R4b6 31. Qd7 fxe4 32. fxe4 Qxh2 33. Rc2 Qe5 34. Rc8+ Rxc8 35. Qxc8+ Kg7 36. Qd7+ Kh6 37. Qh3+ Kg7 38. f3 Qd4 39. Qd7+ Kf8 40. Qc8+ Ke7 41. Rc2 Qe3 1-0

[Event "North County CC op 195th"]
[Site "San Diego"]
[Date "2005.07.01"]
[Round "2"]
[White "Nelson, Tom"]
[Black "Nagaran, Michael"]
[Result "1-0"]
[WhiteElo "2119"]
[BlackElo "2055"]
[PlyCount "65"]
[EventDate "2005.06.24"]
[EventType "swiss"]
[EventRounds "5"]
[EventCountry "USA"]
[SourceTitle "EXT 2009"]
[Source "ChessBase"]
[SourceDate "2008.11.26"]
[SourceVersion "1"]
[SourceVersionDate "2008.11.26"]
[SourceQuality "1"]

1. d4 d5 2. c4 dxc4 3. Nf3 Nf6 4. e3 Bg4 5. Bxc4 e6 6. Nc3 Nbd7 7. h3 Bh5 8. 0-0 Nb6 9. Be2 c5 10. Na4 Nbd7 11. dxc5 Bxc5 12. Nxc5 Nxc5 13. Qc2 Ncd7 14. Qb3 Qc7 15. Bd2 0-0 16. Rac1 Qb6 17. Qa3 Rac8 18. Ba5 Bxf3 19. Bxb6 Bxe2 20. Rxc8 Rxc8 21. Re1 Ba6 22. Bxa7 h6 23. Bd4 Ne4 24. Qa4 Ndc5 25. Bxc5 Nxc5 26. Qc2 b6 27. Rc1 Rd8 28. Rd1 Rc8 29. b4 Nd3 30. Qxc8+ Bxc8 31. Rxd3 Bb7 32. Rd8+ Kh7 33. a4 1-0

[Event "North County CC op 194th"]
[Site "San Diego"]
[Date "2005.05.27"]
[Round "2"]
[White "Nagaran, Michael"]
[Black "Boyd, James"]
[Result "1-0"]
[WhiteElo "2085"]
[BlackElo "1756"]
[PlyCount "73"]
[EventDate "2005.06.24"]
[EventType "swiss"]
[EventRounds "5"]
[EventCountry "USA"]
[SourceTitle "EXT 2009"]
[Source "ChessBase"]
[SourceDate "2008.11.26"]
[SourceVersion "1"]
[SourceVersionDate "2008.11.26"]
[SourceQuality "1"]

1. c4 Nf6 2. g3 c5 3. Bg2 Nc6 4. Nc3 e5 5. e3 d6 6. Nge2 Bd7 7. 0-0 Qc8 8. d4 h5 9. d5 Ne7 10. h4 Nf5 11. b3 Be7 12. Ne4 Nh6 13. Ng5 Nfg8 14. e4 f6 15. Ne6 Bxe6 16. dxe6 Bd8 17. Nc3 Ne7 18. Bh3 Nhg8 19. Qxd6 Qc6 20. Qd3 Bc7 21. Nd5 Rd8 22. Be3 Ba5 23. Rad1 Qc8 24. Qe2 Qc6 25. Rd3 g6 26. Rfd1 f5 27. exf5 gxf5 28. Bg5 Qxe6 29. Nxe7 Nxe7 30. Rxd8+ Bxd8 31. Qd3 Kf7 32. Bxe7 Bxe7 33. Bxf5 Qc6 34. Be4 Qa6 35. Qf3+ Kg7 36. Rd7 Qe6 37. Rxb7 1-0

[Event "North County CC op 192nd"]
[Site "San Diego"]
[Date "2005.04.08"]
[Round "5"]
[White "Nagaran, Michael"]
[Black "Sullivan, Greg"]
[Result "1-0"]
[WhiteElo "2085"]
[BlackElo "1828"]
[PlyCount "81"]
[EventDate "2005.03.04"]
[EventType "swiss"]
[EventRounds "5"]
[EventCountry "USA"]
[SourceTitle "EXT 2009"]
[Source "ChessBase"]
[SourceDate "2008.11.26"]
[SourceVersion "1"]
[SourceVersionDate "2008.11.26"]
[SourceQuality "1"]

1. e4 c5 2. Nf3 d6 3. Bb5+ Bd7 4. Bxd7+ Nxd7 5. c4 g6 6. d4 Bg7 7. Nc3 cxd4 8. Nxd4 Ngf6 9. 0-0 0-0 10. Be3 a6 11. f3 Rc8 12. Qe2 Re8 13. Rac1 Ne5 14. b3 Nc6 15. Rfe1 Nxd4 16. Bxd4 Nd7 17. Kh1 Bh6 18. Rc2 Rc6 19. Nd5 Qb8 20. Qf2 e5 21. Qh4 Bf8 22. Be3 Re6 23. Rd2 f6 24. Qh3 Qe8 25. g4 Qf7 26. Rg1 Bg7 27. Qg2 g5 28. Rgd1 Rc8 29. Qe2 Bf8 30. Bf2 Be7 31. Ne3 Rc6 32. Nf5 Bf8 33. b4 Nb8 34. b5 axb5 35. cxb5 Rb6 36. a4 h5 37. Rxd6 hxg4 38. fxg4 Rbxd6 39. Rxd6 Kh7 40. Rd8 Nd7 41. Qd2 1-0

[Event "North County CC op 191st"]
[Site "San Diego"]
[Date "2005.02.18"]
[Round "4"]
[White "Nagaran, Michael"]
[Black "Nelson, Tom"]
[Result "1/2-1/2"]
[WhiteElo "2085"]
[BlackElo "2085"]
[PlyCount "78"]
[EventDate "2005.01.28"]
[EventType "swiss"]
[EventRounds "5"]
[EventCountry "USA"]
[SourceTitle "EXT 2009"]
[Source "ChessBase"]
[SourceDate "2008.11.26"]
[SourceVersion "1"]
[SourceVersionDate "2008.11.26"]
[SourceQuality "1"]

1. e4 c5 2. Nf3 Nc6 3. Bb5 e6 4. Bxc6 bxc6 5. 0-0 Ne7 6. c3 Ng6 7. d4 d5 8. Re1 Bb7 9. e5 cxd4 10. cxd4 c5 11. Nc3 c4 12. Ng5 Qd7 13. f4 h6 14. Nf3 Be7 15. Qe2 Nh4 16. Rf1 Nxf3+ 17. Qxf3 g6 18. Qh3 Bc6 19. g4 h5 20. f5 0-0-0 21. f6 hxg4 22. Qxg4 Bb4 23. Bf4 Bxc3 24. bxc3 Kb8 25. Rab1+ Ka8 26. Rf2 Rb8 27. Rfb2 Rxb2 28. Rxb2 Rb8 29. Qe2 Rxb2 30. Qxb2 Qb7 31. Bc1 Qxb2 32. Bxb2 Kb7 33. Kf2 Ba4 34. Ke3 Kc7 35. Ba3 Kd7 36. Bc5 a6 37. Kd2 Kc6 38. Bb4 Kd7 39. Ba5 Kc6 1/2-1/2

[Event "North County CC op 190th"]
[Site "San Diego"]
[Date "2004.12.17"]
[Round "2"]
[White "Nagaran, Michael"]
[Black "Hawks, Joe"]
[Result "1-0"]
[WhiteElo "2060"]
[BlackElo "1342"]
[PlyCount "55"]
[EventDate "2004.12.10"]
[EventType "swiss"]
[EventRounds "5"]
[EventCountry "USA"]
[SourceTitle "EXT 2009"]
[Source "ChessBase"]
[SourceDate "2008.11.26"]
[SourceVersion "1"]
[SourceVersionDate "2008.11.26"]
[SourceQuality "1"]

1. e4 d5 2. exd5 Qxd5 3. Nc3 Qa5 4. d4 Nf6 5. Nf3 Bg4 6. Be2 e6 7. 0-0 Nbd7 8. Ne5 Bxe2 9. Qxe2 Nxe5 10. dxe5 Nd5 11. Nxd5 exd5 12. e6 f6 13. e7 Bxe7 14. Re1 Qc5 15. Be3 Qd6 16. Bf4 Qd7 17. Rad1 c6 18. c4 Kf7 19. cxd5 Rhe8 20. Qc4 Kf8 21. d6 Bd8 22. Rxe8+ Qxe8 23. d7 Qf7 24. Qb4+ Kg8 25. Qxb7 Qxa2 26. Qxa8 Qa5 27. Qxc6 Bb6 28. Qe6+ 1-0

[Event "North County CC op 188th"]
[Site "San Diego"]
[Date "2004.10.22"]
[Round "5"]
[White "Nagaran, Michael"]
[Black "Nelson, Tom"]
[Result "1-0"]
[WhiteElo "2082"]
[BlackElo "2049"]
[PlyCount "47"]
[EventDate "2004.09.24"]
[EventType "swiss"]
[EventRounds "5"]
[EventCountry "USA"]
[SourceTitle "EXT 2009"]
[Source "ChessBase"]
[SourceDate "2008.11.26"]
[SourceVersion "1"]
[SourceVersionDate "2008.11.26"]
[SourceQuality "1"]

1. e4 c5 2. Nf3 Nc6 3. Bb5 g6 4. Bxc6 bxc6 5. d3 Bg7 6. Qe2 d6 7. h3 e5 8. Nc3 Ne7 9. 0-0 0-0 10. Nh2 f5 11. f4 fxe4 12. dxe4 d5 13. Bd2 a5 14. fxe5 Rxf1+ 15. Qxf1 Bxe5 16. Bg5 Ba6 17. Qe1 d4 18. Ng4 dxc3 19. bxc3 Bxc3 20. Qxc3 Qd4+ 21. Qxd4 cxd4 22. Bxe7 h5 23. Nf2 Kf7 24. Bc5 1-0

[Event "North County CC op 188th"]
[Site "San Diego"]
[Date "2004.09.24"]
[Round "1"]
[White "Cramer, Charles"]
[Black "Nagaran, Michael"]
[Result "0-1"]
[WhiteElo "1594"]
[BlackElo "2049"]
[PlyCount "82"]
[EventDate "2004.09.24"]
[EventType "swiss"]
[EventRounds "5"]
[EventCountry "USA"]
[SourceTitle "EXT 2009"]
[Source "ChessBase"]
[SourceDate "2008.11.26"]
[SourceVersion "1"]
[SourceVersionDate "2008.11.26"]
[SourceQuality "1"]

1. e4 c5 2. Nf3 d6 3. Bc4 Nc6 4. a3 Nf6 5. d3 g6 6. Nc3 Bg7 7. Rb1 0-0 8. h3 a6 9. 0-0 b5 10. Bb3 Bb7 11. Be3 Rc8 12. Qe2 Na5 13. Ba2 c4 14. Rfd1 Qc7 15. Bd4 e5 16. Be3 d5 17. exd5 Nxd5 18. Nxd5 Bxd5 19. Bd2 cxd3 20. cxd3 Bxa2 21. Rbc1 Qb6 22. Bc3 Nc6 23. Qd2 Bd5 24. Nh2 Nd4 25. Bxd4 Qxd4 26. Rc3 Bb7 27. Rdc1 e4 28. Qe3 Qxe3 29. Rxc8 Qxd3 30. R8c7 Bd5 31. Nf1 Bd4 32. R7c2 e3 33. fxe3 Bxe3+ 34. Nxe3 Qxe3+ 35. Kh1 Bc4 36. Rc3 Qe4 37. Rf3 Rd8 38. b3 Be2 39. Rf2 Rd1+ 40. Rxd1 Bxd1 41. Kg1 Bxb3 0-1

[Event "Southern California-ch cand"]
[Site "Costa Mesa"]
[Date "2003.06.21"]
[Round "1"]
[White "Van Buskirk, Charles Anthony"]
[Black "Nagaran, Michael"]
[Result "0-1"]
[WhiteElo "2311"]
[BlackElo "2126"]
[PlyCount "70"]
[EventDate "2003.06.21"]
[EventType "swiss"]
[EventRounds "4"]
[EventCountry "USA"]
[SourceTitle "EXT 2014"]
[Source "ChessBase"]
[SourceDate "2013.11.20"]
[SourceVersion "1"]
[SourceVersionDate "2013.11.20"]
[SourceQuality "1"]

1. d4 d5 2. c4 e6 3. Nf3 c5 4. cxd5 exd5 5. g3 Nc6 6. Bg2 Nf6 7. 0-0 Be7 8. Nc3 0-0 9. Bg5 cxd4 10. Nxd4 h6 11. Be3 Re8 12. Rc1 Bg4 13. h3 Be6 14. Nxc6 bxc6 15. Na4 Qd7 16. Kh2 Bf5 17. Bc5 Bd8 18. Re1 Ne4 19. Be3 Nxg3 20. Nc5 Qd6 21. Kg1 Rxe3 22. fxe3 Bg5 23. Rc3 Re8 24. e4 Nxe4 25. Nxe4 Bxe4 26. Bxe4 Rxe4 27. Rf3 Qe6 28. Kg2 Bh4 29. Ref1 Rxe2+ 30. Kh1 Qe5 31. Rf4 Qxb2 32. Rg4 Bd8 33. Qd4 Rh2+ 34. Kg1 Bb6 35. Rxg7+ Kh8 0-1